00453nam a2200169 a 450000100060000000300090000600800410001502000160005604000280007208200160010010000250011624500460014126000290018730000100021665000380022665000190026415579CO-ViMGA141112s2004 ck r 000 u spa d a95868328481 aCO-ViMGAbspacCO-ViMGA04a350.7 V333c1 aVeeduria Distrital, 10aControl social , a la gestión pública aBogotá, cCeja, c2000 a60.p.14aADMINISTRACION PUBLICA - COLOMBIA14aCONTROL SOCIAL